000 01434pam a2200361 a 4500
001 2405148
003 NUST - PNEC
005 20170116181045.0
008 860512r19861980nyua b 001 0 eng
010 _a 86011321
020 _a0671628259 (pbk.) :
040 _aDLC
_cLIBRARY
_dDLC
050 0 0 _aHF5549
_b.H876 1986
082 0 0 _a658.3 HUN
_219
100 1 _aHunsaker, Phillip L.
245 1 4 _aThe art of managing people /
_cPhillip L. Hunsaker, Anthony J. Alessandra.
246 3 0 _aManaging people
250 _a1st Touchstone ed.
260 _aNew York :
_bSimon & Schuster,
_c1986.
300 _axiii, 270 p. :
_bill. ;
_c23 cm.
500 _a"A Touchstone book."
500 _aReprint. Originally published: Englewood Cliffs, N.J. : Prentice-Hall, c1980.
504 _aIncludes bibliographical references and index.
650 0 _aPersonnel management.
_xMIS
700 1 _aAlessandra, Anthony J.
856 4 2 _3Contributor biographical information
_uhttp://www.loc.gov/catdir/bios/simon051/86011321.html
856 4 2 _3Publisher description
_uhttp://www.loc.gov/catdir/description/simon033/86011321.html
856 4 1 _3Table of contents only
_uhttp://www.loc.gov/catdir/enhancements/fy0630/86011321-t.html
856 4 1 _3Sample text
_uhttp://www.loc.gov/catdir/enhancements/fy0640/86011321-s.html
906 _a7
_bcbc
_corignew
_d1
_eocip
_f19
_gy-gencatlg
942 _2ddc
_cBK
999 _c68223
_d68223